| 000 | 00610nam a22001817a 4500 | ||
|---|---|---|---|
| 003 | CEME | ||
| 005 | 20210628203707.0 | ||
| 008 | 210322b xxu||||| |||| 00| 0 eng d | ||
| 020 | _a0-442-30861-2 | ||
| 040 | _c. | ||
| 082 | _a621.382 LIB'S | ||
| 100 |
_aLibbey, Robert.L _966890 |
||
| 245 | _aSignal and image processing | ||
| 260 |
_aNEWYORK _bVAN NOSTRAND _c1994 |
||
| 300 | _aXIX,456P | ||
| 650 |
_aARTIFICIAL INTELLIGENCE AND NEURAL NETWORKS MICROPROCESSORS AND MICROPROCESSOR SYSTEMS IMAGE PROCESSING RADAR SIGNAL PROCESSIN RADIO SIGNAL PROCESSING AUDIO SIGNAL PROCESSSING _966891 |
||
| 942 |
_cBK _2ddc |
||
| 999 |
_c574760 _d574760 |
||